Documentation information science and automation in libraries / (Record no. 133580)

MARC details
000 -LEADER
fixed length control field 00744nam a22002417a 4500
005 - DATE AND TIME OF LATEST TRANSACTION
control field 20170124110212.0
010 ## - LIBRARY OF CONGRESS CONTROL NUMBER
LC control number A-351764
020 ## - INTERNATIONAL STANDARD BOOK NUMBER
Terms of availability 180.00
International Standard Book Number 8185070121
035 ## - SYSTEM CONTROL NUMBER
System control number A-351764
037 ## - SOURCE OF ACQUISITION
Source of stock number/acquisition Cen Lib/Ret
040 ## - CATALOGING SOURCE
Original cataloging agency DPL
Language of cataloging EN
082 ## - DEWEY DECIMAL CLASSIFICATION NUMBER
Classification number 029
Item number SHA
100 ## - MAIN ENTRY--PERSONAL NAME
Personal name Sharma, C. K
9 (RLIN) 1192
245 ## - TITLE STATEMENT
Title Documentation information science and automation in libraries /
Statement of responsibility, etc by C. K. Sharma [and] S. B. Arya
260 ## - PUBLICATION, DISTRIBUTION, ETC. (IMPRINT)
Place of publication, distribution, etc Agra
Name of publisher, distributor, etc Y. K. Publishers
Date of publication, distribution, etc 1988
270 ## - ADDRESS
Address 8, Parasuram Nagar, Shahganj
City Agra
Postal code 282010
300 ## - PHYSICAL DESCRIPTION
Extent xiii,262p.
Dimensions 21cm(Hb)
500 ## - GENERAL NOTE
General note Includes index
650 ## - SUBJECT ADDED ENTRY--TOPICAL TERM
Topical term or geographic name as entry element Library science
9 (RLIN) 38342
650 ## - SUBJECT ADDED ENTRY--TOPICAL TERM
Topical term or geographic name as entry element Information science
9 (RLIN) 38343
700 ## - ADDED ENTRY--PERSONAL NAME
Personal name Arya, S. B
9 (RLIN) 38331
942 ## - ADDED ENTRY ELEMENTS (KOHA)
Source of classification or shelving scheme Dewey Decimal Classification
Koha item type English Books
Classification part 029
Call number suffix SHA
Holdings
Withdrawn status Lost status Damaged status Not for loan Collection code Home library Current library Date acquired Source of acquisition Cost, normal purchase price Total Checkouts Full call number Barcode Date last seen Copy number Cost, replacement price Price effective from Koha item type
      Not For Loan Reference Central Library Central Library 27/07/2015 Cen Lib/Ret 180.00   029 SHA A-351764 27/07/2015 1 180.00 27/07/2015 English Books

© Delhi Public Library
Hit Counter
free hit counter